01044nas a2200229Ia 4500001001100000003000900011008004100020040001300061040001300074041001300087100005000100210004500150222004500195245010100240250001100341260003400352501008600386300000900472362003300481500026200514650003800776R223/B8326IT-RoPAU151124c99999999xx |||||||||||| ||und|| aIT-RoPAU cIT-RoPAU aITALIANO aSpadolini PierluigigCodice Aut. SPICS: 33556 aCHIESA OGGI ARCHITETTURA E COMUNICAZIONE aChiesa Oggi Architettura E Comunicazione aCHIESA OGGI ARCHITETTURA E COMUNICAZIONE, ANNO 02-N.05 (LUGLIO 1993)bRealizzare Una Chiesa Oggi a1a ed. aMILANObDI BAIO EDITOREc1993 bPaulus - SPICS - Società San Paolo EM (non-commercial uses only)cCopyright2015 a4 p. aANNO 002, N.05 (LUGLIO 1993) aRelazione al Convegno: 50 Chiese per Roma 2000. Chiesa Segue L'Evoluzione della Società. Nuove Impostazioni del Concilio Vaticano Ii. Uomo Alla Ricerca della Meditazione. Forma della Chiesa. Luce e Acustica. Spazio, Materiae Silenzio. Tecnologie e Materia aESTETICAvPUBBLICAZIONE PERIODICA